თხზულებათა სრული კრებული : 10 ტომად (ბიბ.ჩანაწერი № 48983)
[ მარტივი ფორმატი ]
| 000 -LEADER | |
|---|---|
| fixed length control field | 00772nam a2200181Ia 4500 |
| 001 - CONTROL NUMBER | |
| control field | 15888 |
| 003 - CONTROL NUMBER IDENTIFIER | |
| control field | GE_BSU |
| 008 - FIXED-LENGTH DATA ELEMENTS--GENERAL INFORMATION | |
| fixed length control field | 181216s||||||||xx |||||||||||||| ||und|| |
| 040 ## - CATALOGING SOURCE | |
| Transcribing agency | GE_BSU |
| 100 ## - MAIN ENTRY--PERSONAL NAME | |
| Personal name | ჭავჭავაძე, ი. (ილია, 1837-1907) |
| 245 ## - TITLE STATEMENT | |
| Title | თხზულებათა სრული კრებული : 10 ტომად |
| 245 ## - TITLE STATEMENT | |
| Remainder of title | ცხოვრება და კანონი |
| 245 ## - TITLE STATEMENT | |
| Statement of responsibility, etc. | პ. ინგოროყვას რედ. [და შესავ. წერილით] |
| 653 ## - INDEX TERM--UNCONTROLLED | |
| Uncontrolled term | თხზულებათა სრული კრებული |
| 653 ## - INDEX TERM--UNCONTROLLED | |
| Uncontrolled term | საქართველოს ისტორია; |
| 653 ## - INDEX TERM--UNCONTROLLED | |
| Uncontrolled term | ცხოვრება და კანონი |
| 942 ## - ADDED ENTRY ELEMENTS (KOHA) | |
| Koha item type | წიგნი |
არაა ხელმისაწვდომი ეგზემპლარები.
